00342nam a2200133Ia 4500003000400000005001700004008004100021040001800062041000800080100003700088110001300125245005000138260002000188OSt20230602104823.0211028s2012 xx 000 0 und d cAIMIT LIBRARY aeng aPrathiksha, M; Srinivas.e101926 aSrinivas aOnline transaction processing system for CRM. aMangalorec2012